Technologie professionnelle générale pour les mécaniciens /
Propriétés générale des matériaux utilisés en construction mécanique ou électrique; Essais des matériaux; Métallurgie du fer et de ses alliages; Propriétés des principaux alliages ferreux...
Tallennettuna:
| Päätekijä: | |
|---|---|
| Aineistotyyppi: | Kirja |
| Kieli: | French |
| Julkaistu: |
Paris :
Foucher,
1971.
|
| Aiheet: | |
| Tagit: |
Lisää tagi
Ei tageja, Lisää ensimmäinen tagi!
|
| Thư viện lưu trữ: | Mạng thư viện Đại học Đà Nẵng |
|---|
| LEADER | 01019cam a2200337 i 4500 | ||
|---|---|---|---|
| 001 | 000044332 | ||
| 003 | 2701 | ||
| 005 | 20030221150916.0 | ||
| 008 | 010307|1971 vm 000 fre | ||
| 022 | |a T | ||
| 040 | |a IRC |c IRC |d IRC | ||
| 041 | 0 | |a fre | |
| 082 | 1 | 4 | |a 620 |b CA-A |
| 100 | 1 | |a Campa, A. | |
| 245 | 0 | 0 | |a Technologie professionnelle générale pour les mécaniciens / |c A. Campa. |
| 260 | |a Paris : |b Foucher, |c 1971. | ||
| 300 | |a 430p. ; |c 21,5cm. | ||
| 520 | 3 | |a Propriétés générale des matériaux utilisés en construction mécanique ou électrique; Essais des matériaux; Métallurgie du fer et de ses alliages; Propriétés des principaux alliages ferreux... | |
| 630 | 0 | 4 | |a Technologie. |
| 630 | 0 | 4 | |a Mécaniciens. |
| 650 | 0 | 4 | |a Mécaniciens |x Technologie. |
| OWN | |a DUT | ||
| 999 | |a From the UDN01 | ||
| TYP | |a Monograph | ||
| TYP | |a Printed language | ||
| 980 | |a Mạng thư viện Đại học Đà Nẵng | ||